000 00643nab a2200181 4500
001 244442
003 OSt
005 20240822103334.0
007 tu
008 200917s2020|||||||
040 _aDE-2950
_cDE-2950
245 0 0 _aSchwimmhalle und neue Brücke mit Frankfurt
_bNachbarstadt. Die erste Bürgermeisterin von Slubice, Marzena Slodownik, Beantwortet bei einem Picknick alle Fragen der Einwohner/
_cMarlena Dumin, Lisa Larossa
264 _c2024
653 _aFrankfurt (Oder) - Slubice
653 _aZukunftspläne
773 0 _g35. Jahrgang (2024) Nr. 189 vom 14.08.2024, S. 15, mit Foto
_tMärkische Oderzeitung
942 _2z
_cA
999 _c373290
_d373290